000
00195nam a2200085Ia 4500
008
250605s9999 xx 000 0 und d
041
_a
eng
100
_a
Nalinaksha Sharma
245
_a
Solve Foundation
999
_c
45339
_d
45339